000 00271nam a2200109Ia 4500
001 1276654
005 20260417160451.0
008 260417s9999 xx 000 0 und d
020 _a9789944693561
245 0 _aOrtanca Balık
_cHanzade Servi
260 _bTudem Yayınları
999 _c1276654
_d1276654